| 000 | 01320cam a2200301 a 4500 | ||
|---|---|---|---|
| 999 |
_c330337 _d330337 |
||
| 001 | 726620 | ||
| 003 | NUST | ||
| 005 | 20170621105617.0 | ||
| 008 | 980605s1998 enka b 001 0 eng | ||
| 010 | _a 98028348 | ||
| 020 | _a09780521135177 (pbk.) | ||
| 040 |
_aDLC _cDLC _dDLC |
||
| 050 | 0 | 0 |
_aRC961.5 _b.C527 1998 |
| 082 | 0 | 0 |
_a616.07 CHE _221 |
| 100 | 1 |
_aCheesbrough, Monica. _93003 |
|
| 245 | 1 | 0 |
_aDistrict laboratory practice in tropical countries / _cMonica Cheesbrough. |
| 260 |
_a[Dottington, Cambridgeshire, England] : _bTropical Health Technology ; _aOxford ; _aBoston, MA : _bButterworth-Heinemann, _c1998. |
||
| 300 |
_avii, 454 p. : _bill. (some col.) ; _c26 cm. |
||
| 440 | 0 |
_aTropical health technology ; _vpt. 1 _93004 |
|
| 500 | _aP.B | ||
| 504 | _aIncludes bibliographical references and index. | ||
| 650 | 0 |
_aTropical medicine _vHandbooks, manuals, etc. _93005 |
|
| 650 | 0 |
_aDiagnosis, Laboratory _vHandbooks, manuals, etc. _93006 |
|
| 650 | 0 |
_aMedical laboratories _zDeveloping countries. _93007 |
|
| 650 | 0 |
_aHealth service areas _zDeveloping countries. _93008 |
|
| 906 |
_a7 _bcbc _corignew _d1 _eocip _f19 _gy-gencatlg |
||
| 942 |
_2ddc _cBK _kIESE |
||